Statistiques concernant Paroles - Nekfeu - Galatée

Cliquez ici pour prendre le quiz!

Statistiques générales

  • Ce quiz a été pris 2 226 fois
    (1 907 depuis la dernière actualisation)
  • Le résultat moyen est 445 sur 732

Statistiques - réponses

Paroles% Correct
le
97%
Le
97%
ça
96%
à
95%
A
95%
a
95%
de
95%
ma
94%
que
94%
Mais
93%
mais
93%
un
93%
vie
93%
café
92%
femme
92%
Je
92%
je
92%
qu'elle
92%
Quelle
92%
une
92%
Une
92%
d'aimer
91%
idée
91%
vé-
91%
fermer,
90%
fermer
90%
la
90%
90%
La
90%
l'humeur
90%
vient
90%
pas
89%
pas ?
89%
pas"
89%
te
89%
tu
89%
Tu
89%
"Tu
89%
devant
88%
du
88%
j'suis
88%
me
87%
Me
87%
j'reste
86%
vengeresse ?
86%
dernier
85%
se
85%
ce
84%
en
84%
En
84%
qui
84%
fois
82%
fois,
82%
plomb
81%
viens
81%
ville
81%
ces
80%
dangereuse
80%
dernière
80%
péter
80%
plan,
80%
d'une
79%
mis
79%
ne
79%
j't'ai
77%
c'est
76%
"C'est
76%
C'est
76%
d'quoi
76%
Et
76%
et
76%
pour
76%
Pour
76%
si
76%
ta
76%
T'es
76%
tes
76%
t'es
76%
plus
75%
ou
74%
74%
vend
74%
l'stress
73%
y
73%
"y
73%
Les
72%
les
72%
cette
71%
J'ai
71%
j'ai
71%
moi,
71%
moi
71%
sous
70%
dans
68%
Ton
66%
ton
66%
des
64%
On
64%
on
64%
seul
64%
j'te
63%
J'te
63%
mes
63%
met
63%
bas
62%
tout
62%
sens
61%
suis
61%
non
60%
"non"
60%
nous
60%
par
60%
qu'un
60%
vu
60%
Vu
60%
dos
59%
faire
59%
quand
59%
"quand
59%
qu'est-ce
59%
"oui"
58%
sourire
58%
air
57%
bien
57%
comme
57%
Comme
57%
fout ?
57%
joint
57%
bloc
56%
énervé,
56%
énervé
56%
jour
56%
plaisir
56%
diras
55%
fossettes
55%
précieux
55%
boudeur
54%
deux
54%
d'herbe
54%
dis
54%
m'aimes
54%
moquant
54%
pense
53%
p'tites
53%
types
53%
demanderai
52%
elle
52%
meuf
52%
soirée"
52%
t'allumera
52%
serai
51%
dirai
50%
fonce-dé
50%
m'as
50%
yeux
50%
d'la
49%
face
49%
mots
49%
qu'toi
49%
témoin
49%
victoire
49%
d'être
48%
fair-play,
48%
sincère
48%
d'ma
47%
m'emmerder
47%
Calcule
46%
rétine
46%
sensoriel
46%
au
45%
l'insoumise
45%
pencherai
45%
pourra
45%
m'affectent
44%
routine
44%
Toi,
44%
toi
44%
fin
43%
joueras
43%
nuit
43%
sauver
43%
filles
42%
fuis,
42%
fuis
42%
reste
42%
concerts
41%
empêcher
41%
Quoi ?
41%
Sincèrement,
41%
sous-titrer
41%
comprends
40%
corps
40%
moitié
40%
tous
40%
cœur
39%
coeur
39%
d'se
39%
est
39%
feins
39%
J'obtiendrai
39%
oreilles
39%
pincerai
39%
essorer,
38%
Même
38%
pression
38%
vrai
38%
l'amour
37%
L'amour
37%
métro
37%
quitterait
37%
qu'une
37%
tiendrai
37%
Bon,
36%
bon,
36%
nique
36%
Il
35%
beauté
34%
chaque
34%
j'étais
34%
mois
34%
n'est
34%
prison
34%
qu'on
34%
récurrent
34%
six
34%
absent
33%
aime
33%
aimé
33%
seule
33%
atmosphère
32%
alors
31%
Alors
31%
nul
31%
parc
31%
qu'c'est
31%
sans
31%
connais
30%
gronder
30%
l'ai
30%
fait
29%
fidèle
29%
Fuyons
29%
lierai
29%
soumet
29%
spéciale,
29%
spéciale
29%
toujours
29%
viendras
29%
juré
28%
paraît
28%
t'ai
28%
temps
28%
toute
28%
Vérité
28%
vérité
28%
plutôt
27%
respect,
27%
r'frain
27%
t'méfies
27%
grille,
26%
livre
26%
ciel
25%
donne
25%
passants
25%
pattes
25%
repas
25%
s'étire
25%
escaladera
24%
fut
24%
parcours
24%
parka
24%
sais-tu ?
24%
sel
24%
boucle
23%
envie
23%
goût
23%
jalousie
23%
J'commence
23%
Rivoli
23%
séduire
23%
toutes
23%
vois,
23%
vraiment
23%
autres
22%
cheveux
22%
demain
22%
écoeurante
22%
être
22%
femmes
22%
ira
22%
j'le
22%
jours
22%
lit
22%
m'inquiéter
22%
Aujourd'hui
21%
bout
21%
dur,
21%
Embrouille
21%
images
21%
l'gardien
21%
liens
21%
modifiera
21%
pire
21%
regarde
21%
repassent
21%
rue
21%
t'attendant
21%
venait
21%
visage
21%
cadeau
20%
crois
20%
dentelle
20%
j'observe
20%
manquent
20%
nouent
20%
arrive
19%
connaître
19%
croque
19%
gens ?
19%
grilles,
19%
prêté,
19%
vas
19%
mur
18%
affaires
17%
l'heure
17%
livres
17%
pleine
17%
tant
17%
dantesque
16%
d'idéaliser
16%
jusqu'à
16%
négligeant ?"
16%
rire,
16%
voulais
16%
arrêter
15%
croire
15%
gèle
15%
l'esprit
15%
nié
15%
c'qui
14%
c'qu'on
14%
faux,
14%
j'me
14%
plaisante
14%
pleurer
14%
trainer
14%
autant
13%
bébé,
13%
cherche
13%
encore
13%
frivolité,
13%
génie
13%
l'instant,
13%
Pardon
13%
pourrait
13%
seum
13%
souvent
13%
t'acquérir
13%
t'poser
13%
enfin,
12%
retentissante
12%
tête
12%
c'était
11%
embrouilles
11%
pose
11%
qu'les
11%
qu'tel
11%
t'aguerrir
11%
t'avais
11%
dire
10%
marre
10%
quitteras"
10%
rivalité
10%
disant
8%
d'rap
8%
façon
8%
jamais,
8%
pourquoi
8%
qu'tu
8%
fallait-il
7%
lâche,
7%
Peur
7%
distant
6%
Espèce
6%
est-c'que
6%
f'ras
6%
jet'ras
6%
m'possèdes
6%
base ?
5%
partons
5%
rassure-toi
5%
l'fras
4%
souffrir,
4%
j'ai-j'ai
3%

Distribution des résultats

Percentile par nombre de réponses

% des personnes avec chaque résultat

Votre développement - résultats

Vous n’avez pas pris ce quiz depuis la dernière actualisation